Loading...

The orthodox church: its religion and philosophy

Bibliographic Details
Main Author: Paul Ramban, Kadavil
Format: Printed Book
Published: Puthencruz, K V Paulose 1973
Subjects:
LEADER 005580000a22002050004500
041 |a en 
082 |a 262.7 L3 
100 |a Paul Ramban, Kadavil 
245 |a The orthodox church: its religion and philosophy 
260 |a Puthencruz, K V Paulose 
260 |c 1973 
650 |a Christians 
650 |a Church 
650 |a Kerala 
650 |a Orthodox 
650 |a Study 
650 |a Theses 
942 |c BK 
999 |c 149779  |d 149775 
952 |0 0  |1 0  |4 0  |6 262_700000000000000_L3  |7 0  |9 148606  |a SCK  |b SCK  |d 2017-10-23  |l 0  |o 262.7 L3  |p SCK00392  |r 2017-10-23  |w 2017-10-23  |y BK